000 01004nac a22002651i 4500
003 EG-ScBUE
005 20250629095226.0
008 130127s1985 nyua f 001 0 eng d
020 _a0878915559 (pbk.)
040 _aEG-ScBUE
_beng
_erda
_cEG-ScBUE
_dEG-ScBUE
082 0 4 _a536.7076
_222
_bTHE
245 0 4 _aThe thermodynamics problem solver /
_cstaff of Research and Education Association, Dr. M. Fogiel, director.
250 _aRevised printing.
264 1 _aNew York, N.Y. :
_bResearch and Education Association,
_c1985.
300 _axii, 979 pages :
_billustrations ;
_c26 cm
336 _2rdacontent
_atext
_btxt
337 _aunmediated
_2rdamedia
_bn
338 _avolume
_bnc
_2rdacarrier
500 _aOn t.p. the registered trademark symbol "R" is superscript following "solver" in the title.
500 _aIncludes index.
650 7 _aThermodynamics
_xProblems, exercises, etc.
_932012
_2BUEsh
655 _vReading book
700 1 _aFogiel, M.
_q(Max)
_96012
_edirector.
942 _cBB
_2ddc
999 _c6354
_d6354